00353nam a2200109 i 4500001000300000245006200003260002300065040000800088041000800096008004100104856009800145bg 0aKonferencja Naukowa na temat automatyzacji projektowania. aBiaƂystok,c1978. cBPK apol s pl f |000 0 pol  uhttp://koha.tu.koszalin.pl/cgi-bin/koha/opac-detail.pl?biblionumber=17819yKatalog online BPK